Central Library, Doon University
WEBOPAC (ONLINE PUBLIC ACCESS CATALOGUE)

Dictionary of Literary Terms (Record no. 60643)

MARC details
000 -LEADER
fixed length control field 00445nam a22001817a 4500
005 - DATE & TIME
control field 20260417161741.0
008 - FIXED-LENGTH DATA ELEMENTS--GENERAL INFORMATION
fixed length control field 260417b |||||||| |||| 00| 0 eng d
020 ## - ISBN
International Standard Book Number 9788178800615
Price 1995.00
040 ## - CATALOGING SOURCE
Original cataloging agency Doon University
041 ## - Language
Language English
082 ## - DDC NUMBER
Classification number 801.95
Book Number HAG
100 ## - MAIN ENTRY--PERSONAL NAME
Personal name Hag, Twin
245 ## - TITLE STATEMENT
Title Dictionary of Literary Terms
260 ## - PUBLICATION, DISTRIBUTION, ETC. (IMPRINT)
Place of publication, distribution, etc New Delhi
Name of publisher, distributor, etc Rajat Publication
Date of publication, distribution, etc 2026
300 ## - PHYSICAL DESCRIPTION
Pages 246
650 ## - Subject
Subject English
942 ## - ADDED ENTRY ELEMENTS (KOHA)
Koha item type Books
100 ## - MAIN ENTRY--PERSONAL NAME
-- 26647
650 ## - Subject
-- 9
952 ## - LOCATION AND ITEM INFORMATION (KOHA)
-- 2026-04-17
952 ## - LOCATION AND ITEM INFORMATION (KOHA)
-- 2026-04-17
952 ## - LOCATION AND ITEM INFORMATION (KOHA)
-- 2026-04-17
Holdings
Withdrawn status Lost status Source of classification or shelving scheme Damaged status Not for loan Location (home branch) Sublocation or collection (holding branch) Date acquired Koha issues (times borrowed) Koha full call number Accession No. Koha date last seen Koha item type
          Doon University Doon University 17.04.2026   801.95 HAG 53669 17.04.2026 Books
          Doon University Doon University 17.04.2026   801.95 HAG 53670 17.04.2026 Books
          Doon University Doon University 17.04.2026   801.95 HAG 53671 17.04.2026 Books
Contact : +91-135-2533126 (Library),+91-135-2533105 (Admin Office) , Email : doonlibrary@gmail.com

Powered by Koha